|
|
|
|
| LEADER |
02124nam a2200541 a 4500 |
| 001 |
nkc20071723708 |
| 003 |
CZ PrNK |
| 005 |
20081121103752.0 |
| 007 |
ta |
| 008 |
070611s2007 xr achje 000 0dcze |
| 015 |
|
|
|a cnb001723708
|
| 020 |
|
|
|a 978-80-239-9623-4
|q (brož.)
|
| 035 |
|
|
|a (OCoLC)271608493
|
| 040 |
|
|
|a OLA001
|b cze
|d BOA001
|d ABA001
|
| 043 |
|
|
|a e-xr---
|b e-xr-pl
|2 czenas
|
| 045 |
|
|
|a u4y0
|
| 072 |
|
7 |
|a 929.5/.9
|x Genealogie. Heraldika. Šlechta. Vlajky
|2 Konspekt
|9 8
|
| 080 |
|
|
|a 929.5
|2 MRF
|
| 080 |
|
|
|a 664.71-051
|2 MRF
|
| 080 |
|
|
|a 630-051
|2 MRF
|
| 080 |
|
|
|a (437.317)
|2 MRF
|
| 080 |
|
|
|a (048.8)
|2 MRF
|
| 100 |
1 |
|
|a Flegl, Michal,
|d 1940-2014
|7 jk01031389
|4 aut
|
| 245 |
1 |
0 |
|a Příběh mlynářského a lesnického rodu Dyků :
|b soubor příspěvků z časopisu Rodopisná revue 2004-2006 /
|c Michal Flegl
|
| 260 |
|
|
|a Praha :
|b V pražské redakci Rodopisné revue vydal Historicko-vlastivědný spolek v Českých Budějovicích,
|c 2007
|
| 300 |
|
|
|a 30 s. :
|b il., portréty, faksim., geneal. tabulky ;
|c 30 cm
|
| 490 |
1 |
|
|a Pramínek ;
|v sv. 13
|
| 504 |
|
|
|a Obsahuje bibliografie
|
| 600 |
3 |
7 |
|a Dykovi (rodina)
|7 ola2007404519
|2 czenas
|
| 648 |
|
4 |
|a 1641-2007
|
| 650 |
0 |
7 |
|a rody
|7 ph125190
|z Česko
|y 17.-21. století
|2 czenas
|
| 650 |
0 |
7 |
|a mlynáři
|7 ph117021
|z Česko
|y 17.-21. století
|2 czenas
|
| 650 |
0 |
7 |
|a lesníci
|7 ph122256
|z Česko
|y 19.-21. století
|2 czenas
|
| 650 |
0 |
9 |
|a families
|z Czechia
|y 17th-21st centuries
|2 eczenas
|
| 650 |
0 |
9 |
|a millers
|z Czechia
|y 17th-21st centuries
|2 eczenas
|
| 650 |
0 |
9 |
|a foresters
|z Czechia
|y 19th-21st centuries
|2 eczenas
|
| 651 |
|
7 |
|a Plzeň (Česko : oblast)
|7 ge130440
|2 czenas
|
| 651 |
|
9 |
|a Plzeň Region (Czechia)
|2 eczenas
|
| 655 |
|
7 |
|a přehledy
|7 fd133202
|2 czenas
|
| 655 |
|
9 |
|a surveys
|2 eczenas
|
| 710 |
2 |
|
|a Historicko-vlastivědný spolek v Českých Budějovicích
|7 ko2002149090
|
| 830 |
|
0 |
|a Pramínek
|0 s
|
| 910 |
2 |
|
|a BOA001
|b 4-1190.650
|
| 928 |
9 |
|
|a Rodopisná revue
|
| 990 |
|
|
|a BK
|
| 995 |
|
|
|a 01
|
| 991 |
|
|
|b 200711
|c NOV
|
| 996 |
6 |
|
|b 2610324170
|c 4-1190.650
|l MZK
|r Sklad / do 1 hodiny
|n 1
|p p.v.
|w 000871586
|u 000010
|a 1
|e BOA001
|j MZK50
|s P
|